Pokémon - Les attaques de Picassaut - Statistiques

Statistiques générales
  • Ce quiz a été pris 8 fois
  • Le résultat moyen est 9 sur 13
Statistiques - réponses
Niveaux Types Noms des attaques % Correct
Niveau 31 Plante Balle Graine
100%
Niveau 9 Combat Éclate-Roc
100%
Niveau 15 Vol Picore
100%
Départ Vol Picpic
100%
Niveau 3 Normal Rugissement
100%
Niveau 27 Vol Bec Vrille
80%
Niveau 19 Vol Atterrissage
60%
Niveau 7 Normal Écho
60%
Niveau 25 Normal Grincement
60%
Niveau 37 Normal Mégaphone
60%
Niveau 33 Vol Danse-Plume
40%
Niveau 21 Normal Furie
40%
Niveau 13 Normal Ultrason
20%
Aucun quiz correspondant
Distribution des résultats
% des personnes avec chaque résultat
Percentile par nombre de réponses
Votre historique - résultats
Vous n’avez pas pris ce quiz